1945 1246 1329 1480 1002 1020 1823 1725 1042 1931 1728 1465 1211 1682 1113 1894 1927 1807 1330 1793 1665 1146 1319 1675 1066 1428 1378 1931 1899 1328 1859 1070 1361 1040 1164 1023 1647 1317 1040 1328 1596 1902 1650 1563 1445 1561 1112 1088 1508 1164 1962 1501 1357 1576 1810 1506 1661 1380 1240 1859 1835 1990 1049 1421 1206 1229 1774 1778 1549 1529 1257 1766 1442 1227 1088 1368 1504 1870 1435 1110 1877 1810 1071 1782 1941 1980 1345 1115 1891 1471 1429 1902 1196 1487 1062 1273 1938 1589 1670 BCNSPRNW ULIB Ver.6.0+V

เปลี่ยนเป็นภาษาไทย

Change to English
 แสดงรายละเอียดบรรณานุกรม
  กลับหน้าหลัก

Brief Record : Get Marc (ISO 2709) : E-mail record : QR code < ปิดหน้าต่าง
LEADER : 00000nam 2200000uu 4500
001    13399124735
003     ULIB
008    160210s2558||||th 000 0 tha d
020    ^a9786165519779
060  4 ^aWM274^b445
100 0  ^aภัทรภร พลพนาธรรม
245 10 ^aการกระจายตัวของจุดจำหน่ายเครื่องดื่มแอลกอฮอล์รอบมหาวิทยาลัยในกรุงเทพฯ และปริมณฑล /^cศูนย์วิจัยปัญหา ; หยาดฝน ธัญโชติกานต์, บรรณาธิการ
250    ^aพิมพ์ครั้งที่ 1
260    ^aกรุงเทพฯ :เดือนตุลา,ุู^c2558
300    ^a185 หน้า :^bภาพประกอบ
700    ^aหยาดฝน ธัญโชติกานต์;^eบรรณาธิการ
945    ^p0^l0^i23267
945    ^p0^l0^i23268
999    ^aทศพร เกษรทอง
รายการนี้ยังไม่มีแท็ก
คุณยังไม่ได้ล็อกอิน คุณสามารถมีกิจกรรมร่วมกับเว็บไซต์ได้ แต่ต้องล็อกอินก่อน ::
  ล็อกอิน

รายการสื่อสารสนเทศ

ลำดับที่ ประเภท เลขเรียก/บาร์โค้ด สถานที่ สถานะ
1. วิทยาศาสตร์การแพทย์ และสุขภาพ
วิทยาศาสตร์การแพทย์ และสุขภาพ
สถานะ=หนังสือเก่า
WM274 445 ฉ.1 
  Barcode: 23267
ห้องสมุดวิทยาเขตนครสวรรค์
►ส่วนจัดเก็บหนังสือเก่า นว.
บนชั้น
  ขอยืม
2. วิทยาศาสตร์การแพทย์ และสุขภาพ
วิทยาศาสตร์การแพทย์ และสุขภาพ
สถานะ=หนังสือเก่า
WM274 445 ฉ.2 
  Barcode: 23268
ห้องสมุดวิทยาเขตนครสวรรค์
►ส่วนจัดเก็บหนังสือเก่า นว.
บนชั้น
  ขอยืม

รายการใกล้เคียง
    ผู้แต่ง [ภัทรภร พลพนาธรรม]

BibComment


ยังไม่เคยถูกคอมเมนท์

คอมเมนท์ทรัพยากรรายการนี้
  คอมเมนท์: การกระจายตัวของจ..


 Copyright 2026. Bcnsprnw @Library